| 000 | 01761nam a2200325Ia 4500 | ||
|---|---|---|---|
| 001 | ebr10038689 | ||
| 003 | CaPaEBR | ||
| 006 | m u | ||
| 007 | cr cn||||||||| | ||
| 008 | 011001s2001 dcu sb 100 0 eng d | ||
| 010 | _z 2001275321 | ||
| 020 | _z0309075912 | ||
| 040 |
_aCaPaEBR _cCaPaEBR |
||
| 035 | _a(OCoLC)559770676 | ||
| 050 | 1 | 4 |
_aHQ784.I58 _bN66 2001eb |
| 245 | 0 | 0 |
_aNontechnical strategies to reduce children's exposure to inappropriate material on the internet _h[electronic resource] : _bsummary of a workshop / _cCommittee to Study Tools and Strategies for Protecting Kids from Pornography and Their Applicability to Other Inappropriate Internet Content, Board on Children, Youth, and Families, and Computer Science and Telecommunications Board, Division of Behavioral and Social Sciences and Education, and Division on Engineering and Physical Sciences, National Research Council, and Institute of Medicine ; Joah G. Iannotta, editor. |
| 260 |
_aWashington, D.C. : _bNational Academy Press, _cc2001. |
||
| 300 | _axi, 90 p. | ||
| 490 | 1 | _aThe compass series | |
| 504 | _aIncludes bibliographical references (p. 79-83). | ||
| 533 |
_aElectronic reproduction. _bPalo Alto, Calif. : _cebrary, _d2005. _nAvailable via World Wide Web. _nAccess may be limited to ebrary affiliated libraries. |
||
| 650 | 0 |
_aInternet and children _vCongresses. |
|
| 650 | 0 |
_aInternet _xSafety measures _vCongresses. |
|
| 650 | 0 |
_aInternet pornography _vCongresses. |
|
| 655 | 7 |
_aElectronic books. _2local |
|
| 700 | 1 | _aIannotta, Joah G. | |
| 710 | 2 | _aebrary, Inc. | |
| 830 | 0 | _aCompass series (Washington, D.C.) | |
| 856 | 4 | 0 |
_uhttp://site.ebrary.com/lib/rucke/Doc?id=10038689 _zAn electronic book accessible through the World Wide Web; click to view |
| 999 |
_c57011 _d57011 |
||